Asamīẏā jana-sāhitya / (Record no. 69354)

MARC details
000 -LEADER
fixed length control field 00773cam a22002651a 4500
001 - CONTROL NUMBER
control field sa 66004358
003 - CONTROL NUMBER IDENTIFIER
control field DLC
005 - DATE AND TIME OF LATEST TRANSACTION
control field 20260227112241.0
008 - FIXED-LENGTH DATA ELEMENTS--GENERAL INFORMATION
fixed length control field 841001s1965 ii a b 000 0 asmo
010 ## - LIBRARY OF CONGRESS CONTROL NUMBER
LC control number sa 66004358
025 ## - OVERSEAS ACQUISITION NUMBER
Overseas acquisition number PL480:I-As-197
035 ## - SYSTEM CONTROL NUMBER
System control number (OCoLC)11215269
040 ## - CATALOGING SOURCE
Original cataloging agency DLC
Transcribing agency InU
Modifying agency DLC
042 ## - AUTHENTICATION CODE
Authentication code premarc
043 ## - GEOGRAPHIC AREA CODE
Geographic area code a-ii---
050 00 - LIBRARY OF CONGRESS CALL NUMBER
Classification number PK1560
Item number .G6
100 1# - MAIN ENTRY--PERSONAL NAME
Personal name Goswami, Praphulladatta,
Dates associated with a name 1919-1994.
245 10 - TITLE STATEMENT
Title Asamīẏā jana-sāhitya /
Statement of responsibility, etc. Praphulladatta Goswāmī.
250 ## - EDITION STATEMENT
Edition statement 3rd ed.
260 ## - PUBLICATION, DISTRIBUTION, ETC.
Place of publication, distribution, etc. Guwāhāṭī :
Name of publisher, distributor, etc. Layārcha Buka Shṭala,
Date of publication, distribution, etc. 1965.
300 ## - PHYSICAL DESCRIPTION
Extent 8, 189 p. :
Other physical details ill. ;
Dimensions 19 cm.
500 ## - GENERAL NOTE
General note In Assamese.
504 ## - BIBLIOGRAPHY, ETC. NOTE
Bibliography, etc. note Bibliography: pp. [183]-189.
650 #0 - SUBJECT ADDED ENTRY--TOPICAL TERM
Topical term or geographic name entry element Folk literature, Assamese
General subdivision History and criticism.

No items available.

Powered by Koha